|
|
|
|
| LEADER |
00000nam a2200000 i 4500 |
| 001 |
1/37256 |
| 008 |
960424s1983 gre d |
| 035 |
|
|
|l 10024644
|
| 040 |
|
|
|a GR-MY-UA
|b gre
|e aacr
|
| 041 |
0 |
|
|a gre
|
| 082 |
0 |
|
|a 331.1379495
|
| 100 |
1 |
|
|a Νικολινάκος, Μάριος,
|d 1935-
|
| 245 |
1 |
2 |
|a Η ανεργία των νέων
|
| 260 |
|
|
|a Αθήνα :
|b Ο.Ε.Δ.Β.,
|c 1983
|
| 300 |
|
|
|a 125 σ.
|
| 500 |
|
|
|a Μελέτη από τον οργανισμό απασχολήσεως εργατικού δυναμικού
|
| 650 |
0 |
0 |
|a Unemployment.
|
| 650 |
0 |
0 |
|a Youth
|x Employment
|z Greece.
|
| 852 |
|
|
|a INST
|b CHIOS
|e 19960424
|h 331.1379495 ΑΝΕ
|p 005200005744
|q 005200005744
|t BK
|y 0
|
| 909 |
|
|
|a Χ
|b 002523
|